000
00342 a2200157 4500
001
73676
020
_a
8588543095
040
_c
Anchieta - Colégio São Paulo
100
_a
Uanhenga Xitu
240
1
0
_a
"Mestre" Tamoda
_l
por
245
1
0
_a
"Mestre" Tamoda
300
_a
163
362
0
_a
2004
650
4
_a
Ficção portuguesa
942
_c
BK
999
_c
73676
_d
73676